<?xml version="1.0" encoding="UTF-8"?>
<marc:record xmlns:marc="http://www.loc.gov/MARC21/slim">
   <marc:leader>00000nam a2200000 a 4500</marc:leader>
   <marc:datafield ind1="1" ind2=" " tag="100">
      <marc:subfield code="a">Olechowski, Richard</marc:subfield>
      <marc:subfield code="4">aut</marc:subfield>
      <marc:subfield code="e">Verfasser/-in</marc:subfield>
   </marc:datafield>
   <marc:datafield ind1="1" ind2=" " tag="100">
      <marc:subfield code="a">Sretenovic, Karl</marc:subfield>
   </marc:datafield>
   <marc:datafield ind1=" " ind2=" " tag="653">
      <marc:subfield code="a">Angst</marc:subfield>
   </marc:datafield>
   <marc:datafield ind1=" " ind2=" " tag="653">
      <marc:subfield code="a">Lernstörung</marc:subfield>
   </marc:datafield>
   <marc:datafield ind1=" " ind2=" " tag="653">
      <marc:subfield code="a">Lernproblem</marc:subfield>
   </marc:datafield>
   <marc:datafield ind1=" " ind2=" " tag="653">
      <marc:subfield code="a">Lerntraining</marc:subfield>
   </marc:datafield>
   <marc:datafield ind1="0" ind2="0" tag="245">
      <marc:subfield code="a">Schule ohne Angst?</marc:subfield>
   </marc:datafield>
   <marc:datafield ind1="0" ind2="0" tag="245">
      <marc:subfield code="b">Eine empirische Interventionsstudie zur Verminderung de</marc:subfield>
   </marc:datafield>
   <marc:datafield ind1="0" ind2="0" tag="245">
      <marc:subfield code="c">Richard Olechowski. Karl Sretenovic</marc:subfield>
   </marc:datafield>
   <marc:datafield ind1=" " ind2="1" tag="264">
      <marc:subfield code="a">Wien; München</marc:subfield>
      <marc:subfield code="b">J&amp;V</marc:subfield>
      <marc:subfield code="c">1983</marc:subfield>
   </marc:datafield>
   <marc:datafield ind1="1" ind2=" " tag="520">
      <marc:subfield code="a">Vier Wiener Pädagogische Institutionen haben zum Problem "Schulangst" ein Großprojekt durchgeführt. Durch zwei Gruppen von Maß-&lt;br/&gt;nahmen - "Lehrertraining" und "konkrete Un-&lt;br/&gt;terrichtsmaßnahmen" -, konzentriert auf das Unterrichtsfach "Mathematik", konnte bei ei-&lt;br/&gt;ner Stichprobe von mehr als 2.000 Schülern der 6. Schulstufe der allgemeinbildenden hö-&lt;br/&gt;heren Schule und der Hauptschule eine test-&lt;br/&gt;mäßig erfaßbare Verminderung der Schulangst festgestellt werden. Das Buch gibt einen Überblick über die Ereignisse der internatio-&lt;br/&gt;nalen Schulangstforschung, einen genauen Bericht über die im Rahmen des Wiener Großprojektes durchgeführte empirische Inter-&lt;br/&gt;ventionsstudie sowie eine Reihe konkreter Hinweise für die Schulpraxis, die sich aus diesem Großprojekt zur "inneren Schulreform" ergeben. </marc:subfield>
   </marc:datafield>
   <marc:datafield ind1=" " ind2=" " tag="041">
      <marc:subfield code="a">ger</marc:subfield>
   </marc:datafield>
   <marc:datafield ind1="1" ind2=" " tag="521">
      <marc:subfield code="a">0</marc:subfield>
   </marc:datafield>
   <marc:datafield ind1=" " ind2=" " tag="300">
      <marc:subfield code="a">166 S.</marc:subfield>
   </marc:datafield>
</marc:record>
